Fitología gráfica (Registro nro. 21640)
[ vista simple ]
| 000 -LEADER | |
|---|---|
| campo de control de longitud fija | 01118nam a2200289 i 4500 |
| 001 - NÚMERO DE CONTROL | |
| campo de control | 21640 |
| 003 - IDENTIFICADOR DE NÚMERO DE CONTROL | |
| campo de control | ES-MaACL |
| 005 - FECHA Y HORA DE LA ÚLTIMA TRANSACCIÓN | |
| campo de control | 20250806064054.0 |
| 007 - CAMPO FIJO DE DESCRIPCIÓN FÍSICA--INFORMACIÓN GENERAL | |
| campo de control de longitud fija | t| |
| 008 - DATOS DE LONGITUD FIJA--INFORMACIÓN GENERAL | |
| campo de control de longitud fija | 021126s1957 sp af |||| | spa d |
| 080 ## - NÚMERO DE LA CLASIFICACIÓN DECIMAL UNIVERSAL | |
| Número de la Clasificación Decimal Universal | 579.716.8 |
| 080 ## - NÚMERO DE LA CLASIFICACIÓN DECIMAL UNIVERSAL | |
| Número de la Clasificación Decimal Universal | 582(084) |
| 100 1# - ENTRADA PRINCIPAL--NOMBRE DE PERSONA | |
| Nombre de persona | Alcázar Fernández-Moreno, Augusto. |
| 9 (RLIN) | 19536 |
| 245 10 - MENCIÓN DEL TÍTULO | |
| Título | Fitología gráfica |
| Resto del título | : herbario naturalista (estudio farmacéutico de las plantas) / |
| Mención de responsabilidad, etc. | Augusto Alcázar Fernández-Moreno ; prólogo de Salvador Rivas Goday. |
| 246 34 - FORMA VARIANTE DEL TITULO | |
| Texto de visualización | Subtítulo de cubierta |
| Título propio/Titulo breve | Herbolario naturalista y farmacéutico |
| 260 ## - PUBLICACIÓN, DISTRIBUCIÓN, ETC. | |
| Lugar de publicación, distribución, etc. | Madrid : |
| Nombre del editor, distribuidor, etc. | Dossat, |
| Fecha de publicación, distribución, etc. | 1957 ( |
| Fabricante | [J. López]) |
| 300 ## - DESCRIPCIÓN FÍSICA | |
| Extensión | VII, 428 p., 65 lám. col. : |
| Otras características físicas | il. ; |
| Dimensiones | 30 cm. |
| 490 1# - MENCIÓN DE SERIE | |
| Mención de serie | Colección agrotécnica |
| 500 ## - NOTA GENERAL | |
| Nota general | Índices. |
| 599 ## - NOTA A LAS ILUSTRACIONES | |
| NOTA A LAS ILUSTRACIONES | En cub.: "430 láminas de plantas, 65... en color, con un vocabulario científico y otro de sinónimos vulgares" |
| 650 #4 - PUNTO DE ACCESO ADICIONAL DE MATERIA--TÉRMINO DE MATERIA | |
| Término de materia o nombre geográfico como elemento de entrada | Herbarios. |
| 9 (RLIN) | 149381 |
| 650 07 - PUNTO DE ACCESO ADICIONAL DE MATERIA--TÉRMINO DE MATERIA | |
| Término de materia o nombre geográfico como elemento de entrada | Plantas medicinales |
| Fuente del encabezamiento o término | embne |
| 9 (RLIN) | 16118 |
| 700 1# - ENTRADA AGREGADA--NOMBRE PERSONAL | |
| Nombre de persona | Rivas Goday, Salvador. |
| 9 (RLIN) | 97576 |
| 830 0# - PUNTO DE ACCESO ADICIONAL DE SERIE-TÍTULO UNIFORME | |
| Título uniforme | Colección agrotécnica |
| 9 (RLIN) | 228961 |
| 852 ## - LOCALIZACIÓN | |
| Ubicación | ES-MaACL |
| Número de control de estantería | C-12843 |
| Estatus retirado | Estado de pérdida | Estado de daño | No para préstamo | Biblioteca de origen | Biblioteca actual | Ubicación en estantería | Fecha de adquisición | Fuente de adquisición | Total de préstamos | Signatura topográfica completa | Código de barras | Visto por última vez | Precio de reemplazo | Tipo de ítem Koha |
|---|---|---|---|---|---|---|---|---|---|---|---|---|---|---|
| Biblioteca del Ateneo de Madrid | Biblioteca del Ateneo de Madrid | Sala Palomar | 17/01/2008 | C-12843 | 1022241 | 23/02/2023 | 23/02/2023 | Libro impreso |
